[Event "Andorra op 38th"]
[Site "Escaldes"]
[Date "2022.07.24"]
[Round "1"]
[White "Schaefers, Andreas"]
[Black "Neugebauer, Martin"]
[Result "0-1"]
[WhiteElo "2074"]
[BlackElo "2528"]
[PlyCount "72"]
[EventDate "2022.07.24"]
[EventType "swiss"]
[EventRounds "9"]
[EventCountry "AND"]
[SourceTitle "CBM 209 Extra"]
[Source "ChessBase"]
[SourceDate "2022.09.30"]
[SourceVersion "1"]
[SourceVersionDate "2022.09.30"]
[SourceQuality "1"]

1. d4 Nf6 2. c4 e6 3. Nc3 Bb4 4. e3 0-0 5. Nge2 c6 6. a3 Ba5 7. b4 Bc7 8. d5 Qe7 9. g3 a5 10. Rb1 exd5 11. cxd5 Bd6 12. Bg2 axb4 13. axb4 Bxb4 14. 0-0 Na6 15. Bb2 Nc7 16. Nf4 Bd6 17. Nh5 Nxh5 18. Qxh5 g6 19. Qh6 Be5 20. d6 Qxd6 21. Ne4 Qe7 22. Ng5 f6 23. Bxe5 fxe5 24. Rb4 Ne6 25. Nxe6 Qxe6 26. Rh4 Qe7 27. f4 d5 28. fxe5 Rxf1+ 29. Bxf1 Bf5 30. g4 Be4 31. g5 Qg7 32. Qxg7+ Kxg7 33. e6 Bf5 34. Rb4 b5 35. e4 Bxe6 36. Bg2 Ra4 0-1

[Event "Portoroz op 13th"]
[Site "Portoroz"]
[Date "2019.07.07"]
[Round "2"]
[White "Schaefers, Andreas"]
[Black "Mazi, Leon"]
[Result "0-1"]
[WhiteElo "2072"]
[BlackElo "2333"]
[PlyCount "72"]
[EventDate "2019.07.06"]
[EventType "swiss"]
[EventRounds "9"]
[EventCountry "SLO"]
[SourceTitle "CBM 191 Extra"]
[Source "ChessBase"]
[SourceDate "2019.09.30"]
[SourceVersion "1"]
[SourceVersionDate "2019.09.30"]
[SourceQuality "1"]

1. d4 Nf6 2. c4 d6 3. Nc3 e5 4. Nf3 Nbd7 5. e4 g6 6. Be2 Bg7 7. 0-0 0-0 8. Qc2 exd4 9. Nxd4 Re8 10. Be3 c6 11. Nb3 Qe7 12. Bd3 Ne5 13. f3 Be6 14. Nd2 d5 15. cxd5 cxd5 16. exd5 Nxd5 17. Nxd5 Bxd5 18. Be4 Rac8 19. Qa4 Nc4 20. Nxc4 Bxc4 21. Rfe1 Bxb2 22. Rab1 b5 23. Qxa7 Qxa7 24. Bxa7 Bc3 25. Red1 b4 26. Bd5 Bxd5 27. Rxd5 Re2 28. Rbd1 Rxa2 29. Be3 h5 30. Rd8+ Rxd8 31. Rxd8+ Kg7 32. Rb8 Rb2 33. Bc5 Kf6 34. h4 Ke6 35. Rb6+ Kd5 36. Bf8 Bd4+ 0-1

[Event "Forchheim op-A 14th"]
[Site "Forchheim"]
[Date "2015.10.03"]
[Round "3"]
[White "Schaefers, Andreas"]
[Black "Thinius, Marco"]
[Result "0-1"]
[WhiteElo "2037"]
[BlackElo "2320"]
[PlyCount "94"]
[EventDate "2015.10.02"]
[EventType "swiss"]
[EventRounds "5"]
[EventCountry "GER"]
[SourceTitle "EXT 2019"]
[Source "ChessBase"]
[SourceDate "2018.10.10"]
[SourceVersion "1"]
[SourceVersionDate "2018.10.10"]
[SourceQuality "1"]

1. d4 Nf6 2. c4 c5 3. d5 b5 4. cxb5 a6 5. b6 d6 6. Nc3 Nbd7 7. Nf3 Rb8 8. Nd2 Rxb6 9. e4 g6 10. Be2 Bg7 11. 0-0 0-0 12. Re1 Rb4 13. Rb1 Qc7 14. Qc2 Ne5 15. a3 Rb8 16. f4 Ned7 17. Nc4 Nb6 18. Ne3 e6 19. Bd2 exd5 20. exd5 Re8 21. b4 Bd7 22. Qb3 c4 23. Qd1 Ne4 24. Nxe4 Rxe4 25. Qc2 Rbe8 26. Bf3 Rxf4 27. Bc3 Bxc3 28. Qxc3 Na4 29. Qc2 c3 30. Rbc1 Qb6 31. Qf2 Rd4 32. Nc2 Rxe1+ 33. Nxe1 Bf5 34. Bd1 Rd2 35. Qxb6 Nxb6 36. Bb3 Be4 37. Rxc3 Nxd5 38. Rc4 Nf6 39. Rc7 d5 40. Rc6 Ng4 41. Rxa6 Ne3 42. Ra8+ Kg7 43. Re8 f5 44. b5 Rb2 45. Ba4 f4 46. Re7+ Kf6 47. Rxh7 Re2 0-1

[Event "Forchheim op 9th"]
[Site "Forchheim"]
[Date "2010.10.02"]
[Round "2"]
[White "Schaefers, Andreas"]
[Black "Feldheim, Jonas"]
[Result "0-1"]
[WhiteElo "2022"]
[BlackElo "1900"]
[PlyCount "102"]
[EventDate "2010.10.01"]
[EventType "swiss"]
[EventRounds "5"]
[EventCountry "GER"]
[SourceTitle "CBM 138 Extra"]
[Source "ChessBase"]
[SourceDate "2010.10.29"]
[SourceVersion "1"]
[SourceVersionDate "2010.10.29"]
[SourceQuality "1"]

1. d4 d5 2. c4 e6 3. Nc3 c5 4. cxd5 exd5 5. Nf3 Nc6 6. g3 Nf6 7. Bg2 Be7 8. 0-0 0-0 9. dxc5 Bxc5 10. Bg5 d4 11. Bxf6 Qxf6 12. Ne4 Qe7 13. Nxc5 Qxc5 14. Rc1 Qb6 15. Qd2 Re8 16. Ng5 Bf5 17. Bd5 Bg6 18. Nh3 Be4 19. Nf4 Rad8 20. Bxe4 Rxe4 21. a3 a5 22. Rc2 d3 23. exd3 Nd4 24. Qc3 Rxf4 25. gxf4 Nxc2 26. Qxc2 Qg6+ 27. Kh1 Qxd3 28. Qxd3 Rxd3 29. Rc1 g6 30. Kg2 Rb3 31. Rc2 Kg7 32. f3 Kf6 33. Re2 Rb6 34. Kg3 Re6 35. Rc2 Re3 36. Kf2 Rb3 37. Re2 Kf5 38. Kg3 f6 39. h4 a4 40. Rc2 Ke6 41. Rd2 b5 42. Kf2 b4 43. axb4 Rxb4 44. Ke3 Rb3+ 45. Kf2 Kf5 46. Kg3 Rb4 47. Rd5+ Ke6 48. Rd2 f5 49. Re2+ Kd5 50. h5 Kc4 51. hxg6 hxg6 0-1

[Event "Moehnesee Cup-A"]
[Site "Moehnesee"]
[Date "2005.08.21"]
[Round "7"]
[White "Schaefers, Andreas"]
[Black "Werner, Bernd Michael"]
[Result "0-1"]
[WhiteElo "1888"]
[BlackElo "2172"]
[PlyCount "32"]
[EventDate "2005.08.18"]
[EventType "swiss"]
[EventRounds "7"]
[EventCountry "GER"]
[SourceTitle "CBM 108 Extra"]
[Source "ChessBase"]
[SourceDate "2005.11.04"]
[SourceVersion "1"]
[SourceVersionDate "2005.11.04"]
[SourceQuality "1"]

1. e4 Nf6 2. e5 Nd5 3. Nc3 e6 4. d4 Nxc3 5. bxc3 c5 6. Bd3 Nc6 7. Qg4 Qa5 8. Bd2 cxd4 9. cxd4 Nxe5 10. Qe2 Nxd3+ 11. Qxd3 Qa3 12. Qb5 b6 13. Nf3 Ba6 14. Qg5 Rc8 15. Ne5 Qb2 16. Rd1 Qxd4 0-1

[Event "Solingen op-B"]
[Site "Solingen"]
[Date "2005.05.26"]
[Round "1"]
[White "Boehm, Yves"]
[Black "Schaefers, Andreas"]
[Result "0-1"]
[WhiteElo "1269"]
[BlackElo "1763"]
[PlyCount "64"]
[EventDate "2005.05.26"]
[EventType "swiss"]
[EventRounds "7"]
[EventCountry "GER"]
[SourceTitle "EXT 2006"]
[Source "ChessBase"]
[SourceDate "2005.11.24"]
[SourceVersion "1"]
[SourceVersionDate "2005.11.24"]
[SourceQuality "1"]

1. e4 c5 2. Nf3 e6 3. d3 Nc6 4. c4 d5 5. cxd5 exd5 6. Nc3 dxe4 7. dxe4 Qxd1+ 8. Nxd1 Bd6 9. Bc4 Nf6 10. Nc3 Bg4 11. Ng5 0-0 12. 0-0 Ne5 13. Bd5 Nxd5 14. exd5 Rfe8 15. Nge4 Bf8 16. Be3 b6 17. h3 Bf5 18. b3 Rad8 19. Rad1 h6 20. Rfe1 Bg6 21. Bf4 f5 22. Ng3 Nd7 23. Nb5 Rxe1+ 24. Rxe1 Nf6 25. Nxa7 Nxd5 26. Bd2 Ra8 27. Re5 Bf7 28. Nb5 Rxa2 29. Bxh6 gxh6 30. Nxf5 Nf4 31. Nfd6 Bxb3 32. Nf7 Bxf7 0-1